Govt. of
Madhya Pradesh

New Apologists for Poetry (Record no. 1802)

MARC details
000 -LEADER
fixed length control field 004540000a22001810004500
003 - CONTROL NUMBER IDENTIFIER
control field MACL
005 - DATE AND TIME OF LATEST TRANSACTION
control field 20150908113648.0
008 - FIXED-LENGTH DATA ELEMENTS--GENERAL INFORMATION
fixed length control field 150908b xxu||||| |||| 00| 0 eng d
040 ## - CATALOGING SOURCE
Original cataloging agency MACL
Transcribing agency MACL
041 ## - LANGUAGE CODE
Language code of text/sound track or separate title English
082 ## - DEWEY DECIMAL CLASSIFICATION NUMBER
Classification number 820/JHA
100 ## - MAIN ENTRY--PERSONAL NAME
Personal name Jha, Prema
9 (RLIN) 9132
245 ## - TITLE STATEMENT
Title New Apologists for Poetry
Remainder of title E. Pound, T.S. Eliot
260 ## - PUBLICATION, DISTRIBUTION, ETC. (IMPRINT)
Name of publisher, distributor, etc. Tulip Publications
Date of publication, distribution, etc. 2002
Place of publication, distribution, etc. Patna
350 ## - PRICE (NR) (BK AM CF MU VM SE) [OBSOLETE]
Price 500
650 ## - SUBJECT ADDED ENTRY--TOPICAL TERM
Topical term or geographic name as entry element Literature
9 (RLIN) 9133
942 ## - ADDED ENTRY ELEMENTS (KOHA)
Koha item type Books
Call number prefix 820
Source of classification or shelving scheme
Holdings
Withdrawn status Lost status Source of classification or shelving scheme Damaged status Not for loan Home library Current library Date acquired Cost, normal purchase price Total Checkouts Full call number Barcode Date last seen Uniform Resource Identifier Price effective from Koha item type
          MACL MACL 08/09/2015 500.00   820/JHA CRE017256 02/05/2024 1805 15/04/2015 Books